00781nam a2200193 i 450000100060000000300090000600500170001500700030003200800410003508000170007610000340009324502710012726000430039830000290044170000260047070000440049670000250054085200220056555907ES-MaACL20250827063207.0t|030930s1946 sp ||||1| spa d a352(8.03)0771 aCasariego, J. E., d1913-199013aEl Municipio y las Cortes en el Imperio Español de Indias b: introducción a su estudio / cJ.E. Casariego ; [con el texto original de las ordenanzas municipales de Alonso de Cáceres ; prólogo de Ciriaco Pérez Bustamente ; epílogo de Adolfo Reyes Ochoa]. aMadrid : b[s.n.], c1946 (fMarsiega) a213, 5 lám. ; c20 cm.1 aCáceres, Alonso de.1 aPérez-Bustamante, Ciriaco,d1896-19751 aReyes Ochoa, Adolfo. aES-MaACLjB-10557